00273nam a2200097Ia 4500008004100000082000800041100001700049245008800066942000600154999001500160240331s9999 xx 000 0 und d bTAM aTambiah, S.J 0aLeveling crowds :bEthnonationalist conflicts and collective violence in South Asia cL c2385d2385